[Event "Montreal-B 5th"]
[Site "Montreal"]
[Date "2004.08.12"]
[Round "8"]
[White "Mikhalevski, Victor"]
[Black "Divljan, Igor"]
[Result "1-0"]
[WhiteElo "2551"]
[BlackElo "2317"]
[Annotator "Mikhalevski,V"]
[PlyCount "83"]
[EventDate "2004.08.04"]
[EventType "tourn"]
[EventRounds "11"]
[EventCountry "CAN"]
[EventCategory "8"]
[SourceTitle "CBM 101 Extra"]
[Source "ChessBase"]
[SourceDate "2004.09.01"]
[SourceVersion "2"]
[SourceVersionDate "2004.09.01"]
[SourceQuality "1"]

1. d4 Nf6 2. c4 e6 3. g3 d5 4. Bg2 dxc4 5. Nf3 Nc6 6. O-O (6. Qa4 {is the main
move.}) 6... Rb8 7. Nc3 Bb4 {Now we get a mix of Nimzo-Indian with Catalan.} 8.
e3 {[%cal Gd1e2,Gf1d1] Sometimes a similar idea takes place without including
Nc3 and Bb4.} O-O 9. Qe2 b5 10. Rd1 {[%cal Ge3e4]} Nd5 11. Bd2 Be7 $1 12. e4 (
12. a3 $6 {doesn't look good as it weakens the b3-square.} a6 13. e4 Nb6 14. d5
exd5 15. exd5 Nxd5 16. Nxd5 Qxd5 17. Ng5 Qe5 $17 {0-1 Piven,I-Dokhoian,Y/
Cuxhaven 1993/EXT 97 (33)}) 12... Nxc3 (12... Ndb4 $5 {deserved serious
attention.} 13. d5 (13. Be3 Nd3 {1/2-1/2 Van Laatum,G-Lalic,B/Hastings 1998/
EXT 2000 (13).}) 13... exd5 14. exd5 Nxd5 15. Ne1 $1 ({Playing 12.e4 I missed
that after} 15. Nxd5 Qxd5 16. Ne1 {[%csl Rc6,Re7][%cal Gg2c6] Black saves a
piece with} Qe5 $1 {[%csl Re2]}) 15... Nd4 (15... Nxc3 $2 {loses a piece to}
16. Bxc3 Qe8 17. Bxc6 Qxc6 18. Qxe7) 16. Qe5 $1 Nb4 17. Bf4 {[%csl Rc7,Rd4]}
Nd3 18. Nxd3 cxd3 19. Qxc7 Qxc7 20. Bxc7 Bf5 21. Bxb8 Rxb8 $44 {with
sufficient compensation for the sacrificed exchange.}) 13. bxc3 Na5 $1 {
[%cal Gc7c5] Black prepares a typical for these positions advance c5.} 14. h4
$5 {I've decided to launch an attack on the kingside considering it to be the
only reasonable plan.} ({I didn't like} 14. Bf4 {in view of} Bd6 $5) ({
Including} 14. Rab1 a6 {deserved some attention.}) 14... Bb7 15. Ng5 $5 {
[%cal Ge2h5] Provoking weakening of the kingside.} ({And again} 15. Rab1 a6 {
could be included.}) 15... h6 16. Nh3 {[%cal Gh3f4,Gf4h5] Now I want to bring
the knight to h5 to create some threats to the black king.} c5 $5 17. dxc5 $6 {
An optimistic move which could cost me a pawn.} ({It was better to start with} 
17. Bf4 {taking control over the important b8-h2-diagonal and winning back the
c-pawn.} Rc8 18. dxc5 Qe8 19. Bd6 $13) 17... Qc8 $2 {Black justifies my
previous move and obtains a worse version of 17.Bf4.} ({I've overestimated my
attacking potential after} 17... Qc7 18. Nf4 Bxc5 19. Nh5 {Simple} Kh7 {
with the idea} 20. Qg4 $140 f5) 18. Bf4 Ra8 $6 ({An exchange sacrifice with} 
18... Bxc5 $5 {deserved serious attention.} {For example} 19. Bxb8 Qxb8 20. e5
$1 (20. Nf4 Qe5 {[%csl Rc3,Rg2][%cal Ge5c3]}) 20... Bxg2 21. Kxg2 Nc6 $1 22.
Re1 $1 (22. f4 $2 {allows the knight to get to d5.} Ne7 $1 {[%csl Rc3,Re3]
[%cal Ge7d5]})) 19. Bd6 {Now White keeps an extra pawn.} Bxd6 $2 {Another bad
move. Now White gets a strong pawn on d6.} ({Black had to protect the bishop
either by means of} 19... Qe8) ({or} 19... Re8) 20. cxd6 {[%csl Gd6]} e5 {
It looks logical to disconnect the pawns, but now an important a7-g1 diagonal
will be in White's hands.} ({From the other hand in case of} 20... Qc5 {
Black would have to face} 21. e5 Bxg2 22. Kxg2 Nc6 23. f4) 21. Qe3 $1 $14 {
[%cal Gd1d2,Gf2f4]} Qc6 ({Black could try to bring the light-squared bishop to
d7.} 21... Bc6 $5 {[%cal Gc6d7]}) 22. Rd5 $1 {[%cal Ga1d1] Suddenly White
obtains a good square for the rook.} Rfd8 23. Rad1 f6 24. f4 $1 ({White has no
time for attack on the kingside by means of} 24. g4 $6 {in view of} Qd7 $1 {
[%csl Rd5,Rg4]}) 24... Qa6 25. R5d2 {[%cal Gh3f2]} (25. Rc5 {was possible, but
I wasn't sure whether my rook is great on c5...} Qb6 $1 ({Other moves are
worse.} 25... Rxd6 $2 26. Rxd6 Qxd6 27. Rxb5 Qc7 28. Qc5 $1) (25... Bc6 $2 {
[%cal Ga5b7]} 26. fxe5 $1 Nb7 27. Rxc6 $1 Qxc6 28. exf6 Rxd6 29. Rxd6 Qxd6 30.
e5 Qc7 31. Bd5+ Kh8 32. f7 $18) 26. fxe5 fxe5 27. Nf2 $13) 25... Qb6 {Black
trades the queens and hopes to obtain counterplay on the queenside.} 26. Qxb6
axb6 27. Nf2 ({White could start with} 27. fxe5 $5 {and only after} fxe5 28.
Nf2 {[%cal Gf2g4]}) 27... b4 $5 {This interesting temporary pawn sacrifice
allows Black to get the d4-square for the knight.} ({In case of} 27... Nc6 $5 {
[%cal Gb5b4] I would prevent b4 with} 28. Bf1 $1) 28. cxb4 Nc6 29. fxe5 $1 fxe5
30. Bf1 $1 {Just in time. Otherwise the c-pawn supported by the knight from d4
could become a real strength.} b5 $2 {Black underestimates an exchange
sacrifice.} ({After correct} 30... c3 $1 {White would be only slightly better.}
31. Rc2 Ra3 $1 (31... Nxb4 $143 32. Rxc3 Nxa2 33. Rc7 $1 Ba6 34. Bh3 $1 $16 {
with a clear positional advantage.}) 32. Rdc1 Rxd6 33. Rxc3 Rxc3 34. Rxc3 Nxb4
35. Rc7 $14) 31. Rd5 $1 Nd4 (31... Ba6 $5 {was worth trying.} 32. a3 $1 {
[%cal Gf2g4]} ({Not so clear} 32. a4 Nxb4 33. Rxe5 (33. axb5 $2 Nxd5 34. Bxc4
Bb7 35. Bxd5+ Bxd5 36. Rxd5 Ra1+ $1 37. Kg2 Ra2 {is ok for Black.}) 33... bxa4
34. Ra5 c3 35. Rxa4 Bxf1 36. Rxb4 Be2 37. Re1 $1 c2 38. Rc1 Rxd6 39. Rxc2 $14)
32... h5 $1) 32. R1xd4 $1 {I've prepared a double exchange sacrifice which as
it turned out was a complete surprise for my opponent.} ({I also had another
interesting idea.} 32. Rxb5 $5 Nxb5 33. Bxc4+ Kf8 34. Bxb5 Ra3 (34... Rxa2 35.
Ng4 {[%cal Gd1f1,Gb5c4]}) 35. Kf1 Rxa2 36. Ng4 $36) 32... exd4 33. Rxb5 Ba6 (
33... d3 $2 {doesn't promise sufficient counterplay.} 34. Rxb7 Rxd6 35. Rc7
Rxa2 36. Rxc4 d2 ({or} 36... Ra1 37. Kg2 d2 38. Be2 {[%cal Gf2d1]} Re1 39. Bd1
$18) 37. Nd1 Ra1 38. Be2 $18) 34. Bxc4+ $1 {I didn't have much time to
hesitate!} (34. Ra5 d3 35. e5 $13 {was completely unclear.}) 34... Kh8 35. e5
$1 {Pawns are soul of the game!} ({Of course not} 35. Rc5 $2 Bxc4 36. Rxc4 Rxd6
) 35... Bxb5 (35... Rac8 {is worse} 36. Bd3 $1 Bxb5 37. Bxb5 $18) 36. Bxb5 Rxa2
37. Ne4 $5 {[%cal Ge5e6] Now Black had to solve complicated problems being in
the time-trouble.} ({I was afraid that it will be difficult to win the endgame
which arises after} 37. e6 Rxd6 38. e7 Ra8 39. e8=Q+ Rxe8 40. Bxe8 d3 41. b5 d2
42. Bh5 Rb6 43. Be2 Re6 $44 {and it's not so easy for White to make progress.
nevertheless it was worth trying.}) 37... Rb8 $2 $138 {A serious mistake.
Black fails to find the only move which promised chances for escape.} (37...
Ra1+ $1 38. Kf2 (38. Kg2 Re1) 38... Ra2+ 39. Ke1 {leads to a slightly better
for White endgame.} (39. Kf3 Ra3+ 40. Kg4 (40. Kf4 Rf8+ 41. Kg4 Re3 42. Bc6 d3
43. e6 (43. d7 $2 Rd8 44. e6 (44. Kf5 Rxe4 45. Kxe4 d2 46. Ba4 Rxd7) 44... d2
45. Nxd2 Rxe6 46. b5 Rd6 47. Ne4 R6xd7 $17) 43... d2 $1 {and Black doesn't run
risks.}) 40... Re3 41. Bc6 d3) 39... Rb2 40. e6 Ra8 $1 41. Nd2 Rxb4 42. Bc6 Rb6
$1 43. Bxa8 Rxd6 44. Ke2 Rxe6+ 45. Be4 $14 {And I'm not sure whether it's
possible to win the position.}) 38. e6 $1 {Only now Black realized that the
bishop is untouchable.} Ra1+ 39. Kf2 Kg8 $6 ({Doesn't help} 39... Ra2+ 40. Kf3
(40. Ke1 $5 Ra1+ 41. Kd2 Ra2+ 42. Kd3 Ra3+ 43. Kc4 $1 (43. Kxd4 Rxb5 44. d7
Rxb4+ 45. Kc5 Rxe4 46. d8=Q+ Kh7 47. e7 Rae3)) 40... Ra3+ 41. Kf4 Rxb5 42. d7
Rb8 43. e7 Raa8 44. Nd6 $18 {[%cal Ge7e8] and each pawn worth a rook.}) 40. d7
$1 $138 Kf8 41. Nd6 $1 $18 {[%cal Gd6c8,Gd6f5] It turns out that Black can't
prevent both Nc8 and Nf5 and the pawns are unstoppable. Tarrash would be happy
to see that his ideas still work.} Ra2+ 42. Ke1 $1 (42. Ke1 $1 Raa8 (42... Ra1+
43. Kd2 Ra2+ 44. Kd3 Ra3+ 45. Kxd4) (42... Ke7 43. Nc8+ Kd8 44. e7+) 43. Nf5 $1
$18 {[%cal Ge6e7,Ge7e8]}) 1-0

[Event "EU-ch 2nd"]
[Site "Ohrid"]
[Date "2001.06.02"]
[Round "2"]
[White "Milov, Vadim"]
[Black "Zelcic, Robert"]
[Result "1-0"]
[WhiteElo "2605"]
[BlackElo "2503"]
[Annotator "Milov,V"]
[PlyCount "81"]
[EventDate "2001.06.01"]
[EventType "swiss"]
[EventRounds "13"]
[EventCountry "YUG"]
[SourceTitle "CBM 084"]
[Source "ChessBase"]
[SourceDate "2001.09.13"]
[SourceVersion "1"]
[SourceVersionDate "2001.09.13"]
[SourceQuality "1"]

1. d4 Nf6 2. c4 e6 3. Nc3 Bb4 4. e3 b6 5. f3 c5 6. d5 O-O 7. e4 d6 8. Nge2 b5
9. Nf4 $1 e5 10. Nfe2 bxc4 11. Ng3 Ne8 (11... Ba6 12. Bg5 $1 h6 13. Be3 {
-53/521}) 12. Bxc4 f5 13. exf5 (13. O-O $2 f4 $15) 13... Qh4 14. Qe2 Bxc3+ 15.
bxc3 Bxf5 16. O-O Bg6 17. Bd3 $14 Bxd3 18. Qxd3 Nd7 19. Ne4 h6 (19... Ndf6 20.
Bg5 Qh5 21. Bxf6 gxf6 (21... Nxf6 22. Nxd6 Rad8 23. Ne4 Nxd5 24. Rad1 $16) 22.
Ng3 (22. f4 $5) 22... Qg6 23. Nf5 $16) 20. Rb1 Ndf6 $6 (20... Nb6 21. c4 (21.
a4 Nxa4 22. Qa6 Nxc3 23. g3 Qh5 24. Nxc3 Rxf3 $13) 21... Qe7 22. a4 Rb8 (22...
Qc7 23. a5 Nd7 24. Bd2 Nef6 25. Ng3 $16) (22... Nxa4 23. Qa3 Qd7 24. Rb5 Nc7
25. Qxa4 Nxb5 26. Qxb5 $16) 23. a5 Nd7 24. Rxb8 Nxb8 25. Bd2 $14) 21. Ng3 $1
$16 Nh5 (21... Rf7 22. Nf5 Qh5 23. c4 $16) 22. Nf5 Qf6 23. g4 Rf7 (23... Nf4 $2
24. Bxf4 exf4 25. Rfe1 Rf7 26. Re6 Qd8 27. Rbe1 $18) 24. f4 $1 Nxf4 25. Bxf4
exf4 26. Rxf4 Nc7 (26... Qg5 27. Rbf1 Kh8 28. h4 Qg6 (28... Qd8 29. c4 $16) 29.
Qe2 $1 Nf6 30. Ne7 Rxe7 (30... Qh7 31. h5) 31. Qxe7 Nxd5 (31... Qd3 32. R4f3
$18) 32. Qb7 Nb6 33. Qe4 $18) 27. Re1 (27. Rbf1 Rff8 (27... Raf8 28. Qe4 $18 {
/\Ne7}) 28. c4 Rae8 29. Qg3 $16) 27... Qg5 $8 (27... Raf8 28. Ne7+ Rxe7 29.
Rxf6 Rxe1+ 30. Kf2 $18) (27... Re8 28. Ne7+) (27... Kh8 28. Ne7 $18) 28. Qf3 {
/\Nh6} (28. Ref1 Kh8 29. h4 Qg6) 28... Kh7 (28... Raf8 29. Ne7+ $18) (28... Kh8
29. h4 Qd8 (29... Qg6 $2 30. Ne7) 30. g5 $1 Qf8 (30... hxg5 31. Qh5+ Kg8 32.
Nh6+ $18) (30... Qg8 31. Ne7 $1 Rxe7 32. Rxe7 Nxd5 33. Rxa7 $3 Rxa7 34. Rf8 $18
) 31. Rf1 Re8 32. c4 Re5 33. Qg4 Ne8 (33... Qc8 34. Nxd6) 34. Kg2 $1 $18) 29.
h4 Qg6 (29... Qf6 30. g5 Qg6 (30... hxg5 31. Qh5+ Kg8 32. Nh6+ $18) 31. Ne7
Rxe7 (31... Rxf4 32. Qxf4 Qd3 33. g6+ Kh8 34. Rf1 Rg8 35. c4 $18) 32. Rxe7 Qb1+
(32... hxg5 33. Rg4 $18) 33. Kg2 Qxa2+ 34. Kh3 Nxd5 35. Qe4+ $18) (29... Qd8
30. g5 $40) 30. Ne7 $1 (30. h5 Qg5) 30... Rxf4 31. Qxf4 Qd3 (31... Qf6 32. Qxf6
gxf6 33. c4 Re8 34. Kf1 $18 {/\Nf5}) 32. c4 $1 {><Nc7} (32. g5 $2 Nxd5 33. g6+
Kh8 34. Nxd5 Qxd5 35. Qf7 Qc6 $8 36. Re7 Rg8 37. Qf4 Rb8 38. Qf7 Rg8 $11) 32...
Qd4+ (32... Re8 33. g5 Qd4+ (33... hxg5 34. hxg5 Qd4+ 35. Kg2 $1 $18) 34. Qxd4
cxd4 35. g6+ Kh8 36. Kf2 (36. c5 $5) 36... d3 37. Nc6 $18) 33. Qxd4 cxd4 34.
Nf5 $18 d3 35. Rd1 (35. Nxd6) 35... Ne8 36. Rxd3 Rc8 37. Re3 Rb8 38. Re6 Nf6
39. g5 Nh5 40. g6+ Kg8 41. Rxd6 1-0

[Event "World Women-ch k.o."]
[Site "Teheran"]
[Date "2017.02.13"]
[Round "1.3"]
[White "Guramishvili, Sopiko"]
[Black "Khademalsharieh, Sarasadat"]
[Result "1-0"]
[WhiteElo "2357"]
[BlackElo "2452"]
[Annotator "Moradiabadi,E"]
[PlyCount "61"]
[EventDate "2017.02.11"]
[EventType "k.o."]
[EventRounds "7"]
[EventCountry "IRI"]
[SourceTitle "CBM 177"]
[Source "ChessBase"]
[SourceDate "2017.03.16"]
[SourceVersion "1"]
[SourceVersionDate "2017.03.16"]
[SourceQuality "1"]

1. d4 Nf6 2. c4 e6 3. Nc3 Bb4 4. f3 {This strategy seems to work perfectly ok
for Sopiko. She goes after a clear plan for White while Black needs to know
her plan well and be prepared for White's direct play.} Nc6 {Keres' Idea. Be
sure to look through Kotov-Keres in Budapest Candidates final in 1950.} 5. a3
Bxc3+ 6. bxc3 e5 7. e4 d6 8. Be3 O-O 9. Bd3 b6 10. Ne2 Na5 {White has a great
centre and pair of bishops while Black plans to take quick advantage of
White's queenside weaknesses. One thing is obvious: if Black does not manage
to pressure White's weaknesses, White's extra space and kingside attack will
prevail.} 11. Ng3 Ne8 $2 {I think Sara mixed up two different ideas here. This
move does not make any sense as Black's knight is not going to have any future
on e8.} 12. O-O Ba6 13. Qe2 Qd7 14. f4 c5 (14... Qa4 {Whether she liked it or
not, Sara had to play this move.}) 15. Nf5 exd4 16. cxd4 Nb3 17. Rab1 cxd4 18.
Rxb3 dxe3 19. Qxe3 Qc7 20. Kh1 Qc5 21. Qh3 g6 22. Be2 (22. Qh6 {wins on the
spot.}) 22... Qc7 23. Nh6+ Kg7 24. f5 Qe7 25. Ng4 Qg5 26. Rg3 Qd2 27. Bd3 Rc8
28. Qh4 Bxc4 29. Bxc4 Rxc4 30. fxg6 h6 31. Ne3 {And White's attack prevailed!}
1-0

[Event "World Women-ch k.o."]
[Site "Teheran"]
[Date "2017.02.11"]
[Round "1.1"]
[White "Guramishvili, Sopiko"]
[Black "Khademalsharieh, Sarasadat"]
[Result "1-0"]
[WhiteElo "2357"]
[BlackElo "2452"]
[Annotator "Moradiabadi,E"]
[PlyCount "75"]
[EventDate "2017.02.11"]
[EventType "k.o."]
[EventRounds "7"]
[EventCountry "IRI"]
[SourceTitle "CBM 177"]
[Source "ChessBase"]
[SourceDate "2017.03.16"]
[SourceVersion "1"]
[SourceVersionDate "2017.03.16"]
[SourceQuality "1"]

1. d4 Nf6 2. c4 e6 3. Nc3 Bb4 4. f3 $5 {Sopiko, unlike her husband Anish Giri,
plays very uncompromising chess. It'd be a mistake to think of her recent poor
result in Tata Steel 2017 as an indicator of her strength. This move suggests
that she is up to her task to make the most out of her white pieces.} c5 $5 {
Interestingly, Sara is up for the challenge and chooses the most committal and
complicated continuation. When I was her coach long ago, we prepared the much
safer, albeit a bit passive, d5.} 5. d5 O-O 6. e4 d6 {We soon will get a form
of what is known as the Snake Benoni. I have to confess that I personally am
not a fan of this setup.} 7. Nge2 Ba5 {This move has only been played once
before, however it was played between two correspondence chess GMs. That means
that the two parties must have thoroughly analysed it. However, from a human
standpoint, I really cannot understand where Black is heading to with this
move. This is a very difficult position to play as Black. It is not something
I'd pick for an event with such a brutal format, but it seems that Sara is up
to the task.} (7... a6 {Here is a beautiful victory from Aronian in this line
against the current world no. 2 Wesley So.} 8. a4 Ba5 9. Bd2 exd5 10. cxd5 Nh5
11. g3 Nd7 12. Bg2 b5 13. g4 b4 14. Nb1 Qh4+ 15. Kf1 Ne5 16. Be1 Qf6 17. gxh5
Nxf3 18. Bf2 Bg4 19. Qc1 Nd4 20. Nxd4 cxd4 21. e5 dxe5 22. Nd2 Rac8 23. Qb1 b3
24. Nxb3 Bb6 25. a5 Ba7 26. Kg1 Bf5 27. Be4 Qg5+ 28. Kf1 Qf4 {0-1 (28) So,W 
(2779)-Aronian,L (2765) Saint Louis 2015}) 8. Ng3 a6 {Change in plans?} (8...
b5 $5 9. cxb5 exd5 10. exd5 Bb7 11. Bd2 Nxd5 12. Nxd5 Bxd5 13. Bxa5 Qxa5+ 14.
Qd2 Qxd2+ 15. Kxd2 Rd8 16. a4 Nd7 17. h4 Rab8 $132 {1/2-1/2 (60) Papenin,N 
(2687)-Clever,H (2520) ICCF email 2013}) 9. Bf4 $146 exd5 10. cxd5 b5 $6 (10...
Nbd7 {is possible.} 11. Bxd6 $4 Qb6 {and the loss of b2 and winning the knight
on c3 leads to disaster for White.}) 11. Be2 Ne8 12. O-O Nd7 (12... f5 {
is a move which is hard to play but the position calls for it. Although White
is still much better after it.}) 13. Kh1 (13. a4 b4 14. Nb1) 13... Rb8 14. Qc1
Ne5 15. Nd1 (15. a4 b4 16. Nd1 {might have been better.}) 15... Ng6 16. Be3 Qc7
17. f4 f5 18. Nxf5 Bxf5 19. exf5 Ne7 20. g4 Nxd5 (20... h5 21. h3 Nf6 {is
preferred by engines. However, it is hard for a human to voluntarily enter
this position.}) 21. Bf3 $1 {White has an eye on the d5 square.} Qf7 $2 {
The queen does not belong on this square. Black had to remove her knight.} 22.
Nf2 {This knight will land on g5 one way or another.} Nef6 23. Nh3 Nc7 24. Bg1
Qe8 25. Qc2 {White is strategically winning.} Kh8 26. Rad1 Rd8 27. b3 {From
here until the end of the game, slowly but surely, Sopiko Guramishvili
converts her advantage into a full point. Her technique is rather impressive.}
Qf7 28. a3 Bb6 29. Ng5 Qg8 30. Rfe1 Rfe8 31. b4 Rxe1 32. Rxe1 Qf8 33. Qa2 Rd7
34. Bc6 Re7 35. Rxe7 Qxe7 36. Nf7+ Kg8 37. Nxd6+ Kf8 38. Nc8 {Have an look at
their return game!} 1-0

[Event "Chigorin Memorial"]
[Site "St Petersburg"]
[Date "1995.??.??"]
[Round "7"]
[White "Sakaev, Konstantin"]
[Black "Ivanov, Victor L"]
[Result "1/2-1/2"]
[WhiteElo "2570"]
[BlackElo "2460"]
[Annotator "Nikitin,A"]
[PlyCount "25"]
[EventDate "1995.09.??"]
[EventType "swiss"]
[EventRounds "9"]
[EventCountry "RUS"]
[SourceTitle "EXT 1997"]
[Source "ChessBase"]
[SourceDate "1996.11.15"]
[SourceVersion "1"]
[SourceVersionDate "1996.11.15"]
[SourceQuality "1"]

1. d4 Nf6 2. c4 e6 3. Nc3 Bb4 4. f3 c5 5. d5 Nh5 $5 6. Nh3 (6. g3 f5 7. e4 O-O
(7... d6 8. exf5 Bxc3+ 9. bxc3 exf5 10. Nh3 O-O 11. Be2 Re8 12. O-O Nd7 13. Qc2
Nf8 14. Bd3 g6 15. Bg5 Qc7 16. Rae1 Bd7 17. Qd2 $14 {Ilinchic,Z-Levin,F/
Belgrade/1992/1-0/33/}) 8. e5 Bxc3+ 9. bxc3 f4 10. Ne2 d6 11. Nxf4 Nxf4 12.
Bxf4 dxe5 13. Bxe5 Nd7 14. Bd6 Re8 15. Bf4 Qf6 16. Kf2 Qxc3 17. Rc1 Qf6 $13 {
Soffer,R-Romanishin,O/Bad Lautenberg/1991/1-0/37/}) 6... f5 (6... Qh4+ 7. Nf2
Qxc4 8. e4 Bxc3+ 9. bxc3 Qxc3+ 10. Bd2 Qd4 11. Qc1 exd5 12. Bc3 Qa4 13. Qg5 O-O
14. Qxh5 d4 15. Bd2 d6 16. Be2 Nc6 17. O-O Be6 $13 {Sakaev,K-Guseinov,A/Doha/
1993/1-0/54/}) 7. e4 O-O 8. exf5 (8. f4 Nf6 9. e5 Ne4 $15) (8. Bg5 Qe8 9. e5 d6
$1 $13 10. dxe6 Bxe6 11. Qxd6 Nc6 $44) 8... exf5 (8... Bxc3+ $1 9. bxc3 exf5
$10) 9. Bd2 d6 10. g3 Nd7 11. Be2 Ne5 $1 12. O-O Bxc3 $6 (12... Bd7 $5 13. Bg5
Qe8 14. Re1 Qg6 15. f4 Ng4 16. Bxg4 fxg4 17. Nf2 Bxc3 18. bxc3 Nf6 $13) 13.
bxc3 (13. Bxc3 $1 f4 14. g4 g5 (14... Qh4 15. Kg2 Nf6 (15... Ng3 16. Qe1 $16)
16. Nxf4 $16) 15. Bxe5 dxe5 16. Bd3 Nf6 17. Re1 Re8 18. Nf2 $14) 1/2-1/2